Quebrada de Humahuaca: más de 10.000 años de historia
Tallennettuna:
| Päätekijät: | , , , |
|---|---|
| Aineistotyyppi: | Kirja |
| Kieli: | espanja |
| Julkaistu: |
San Salvador de Jujuy
Universidad Nacional de Jujuy
1996
San Salvador de Jujuy Escuela Normal Superior Dr. Eduardo Casanova 1996 |
| Aiheet: | |
| Tagit: |
Lisää tagi
Ei tageja, Lisää ensimmäinen tagi!
|
MARC
| LEADER | 00000nam a2200000 a 4500 | ||
|---|---|---|---|
| 001 | UCM6401 | ||
| 003 | CL-VaPUC | ||
| 008 | 021108e19960000ag |||||||||||||||||spa|d | ||
| 082 | 0 | 4 | |a 982.8241 |b CAL |2 21 |
| 100 | 0 | |a Calvo, Margarita |e author |9 472232 | |
| 700 | 0 | |a González, Ana María |e author |9 472233 | |
| 700 | 0 | |a Portal, Hilario |e author |9 472234 | |
| 700 | 0 | |a Vilte, Laura Beatriz |e author |9 472235 | |
| 245 | 1 | 0 | |a Quebrada de Humahuaca: más de 10.000 años de historia |
| 300 | |a 74 p | ||
| 942 | |c BK | ||
| 945 | |d 20021108 00:00:00 |a cmena | ||
| 260 | |a San Salvador de Jujuy |b Universidad Nacional de Jujuy |c 1996 | ||
| 260 | |a San Salvador de Jujuy |b Escuela Normal Superior Dr. Eduardo Casanova |c 1996 | ||
| 650 | 0 | |a Historia de Argentina |9 319851 | |
| 650 | 7 | |a PROVINCIAS DE ARGENTINA |2 CL-VaPUC |9 472236 | |
| 651 | 7 | |a JUJUY |2 CL-VaPUC |9 472237 | |
| 583 | |a last modification |c 20171220 04:22:35 |k Rodrigo Vera | ||
| 999 | |c 301807 |d 301805 | ||
| 952 | |0 0 |1 0 |4 0 |6 982_824100000000000_CAL_1996_1996 |7 0 |8 X |9 361464 |a FDOMLP |b FDOMLP |d 2019-11-21 |i 3752712 |o 982.8241 CAL 1996 1996 |p 3752712 |r 2019-11-21 |w 2019-11-21 |y BK_X |k BU2 | ||